[Event "Toronto NAYCC U12"]
[Site "Toronto"]
[Date "2013.08.18"]
[Round "8"]
[White "Seela, Anirudh"]
[Black "Fan, Run Kun"]
[Result "1/2-1/2"]
[WhiteElo "1812"]
[BlackElo "1568"]
[PlyCount "89"]
[EventDate "2013.08.14"]
[EventType "swiss"]
[EventRounds "9"]
[EventCountry "CAN"]
[SourceTitle "EXT 2022"]
[Source "ChessBase"]
[SourceDate "2021.10.06"]
[SourceVersion "1"]
[SourceVersionDate "2021.10.06"]
[SourceQuality "1"]

1. c4 e6 2. Nc3 d5 3. d4 c6 4. cxd5 exd5 5. Nf3 Nf6 6. Bg5 Be7 7. Qc2 0-0 8. e3 h6 9. Bf4 Re8 10. Bd3 Be6 11. 0-0 Nbd7 12. a3 Rc8 13. Qd2 Nh5 14. Be5 Nxe5 15. Nxe5 Nf6 16. b4 a6 17. Na4 b5 18. Nc5 Bxc5 19. bxc5 Ne4 20. Qc2 f6 21. Ng6 a5 22. f3 Ng5 23. h4 Nh7 24. Nf4 Nf8 25. Nxe6 Nxe6 26. Bf5 Rc7 27. Rfe1 Nf8 28. Rad1 Rce7 29. Qc3 g6 30. Bc2 f5 31. h5 Qd7 32. hxg6 Nxg6 33. Qxa5 Rxe3 34. Rxe3 Rxe3 35. Re1 Rxe1+ 36. Qxe1 Kf7 37. Qe3 Kg7 38. Kf2 f4 39. Qd3 Qe6 40. Qd2 Qf6 41. Qb4 Nh4 42. Qd2 Qg5 43. Kf1 Nf5 44. Bb3 Qh4 45. Ke2 1/2-1/2

[Event "Toronto NAYCC U12"]
[Site "Toronto"]
[Date "2013.08.18"]
[Round "9"]
[White "Seela, Anirudh"]
[Black "Shen, Christopher Y"]
[Result "0-1"]
[WhiteElo "1812"]
[BlackElo "2018"]
[PlyCount "78"]
[EventDate "2013.08.14"]
[EventType "swiss"]
[EventRounds "9"]
[EventCountry "CAN"]
[SourceTitle "EXT 2022"]
[Source "ChessBase"]
[SourceDate "2021.10.06"]
[SourceVersion "1"]
[SourceVersionDate "2021.10.06"]
[SourceQuality "1"]

1. c4 e5 2. Nc3 Nc6 3. g3 g6 4. Bg2 Bg7 5. e3 d6 6. Nge2 f5 7. d3 Nf6 8. 0-0 0-0 9. Rb1 Be6 10. Nd5 Bf7 11. Nec3 Nxd5 12. Nxd5 Rb8 13. b4 Ne7 14. Nxe7+ Qxe7 15. Qc2 c6 16. a4 d5 17. c5 e4 18. d4 g5 19. Ba3 Bh5 20. b5 f4 21. bxc6 bxc6 22. Rxb8 Rxb8 23. Rb1 Rf8 24. Qb3 Bf3 25. Qb7 Qe6 26. Qa6 Bxg2 27. Kxg2 f3+ 28. Kg1 h5 29. Rb2 h4 30. Qf1 hxg3 31. fxg3 Bxd4 32. exd4 e3 33. Bb4 f2+ 34. Kg2 Qe4+ 35. Kh3 g4+ 36. Kh4 Rf7 37. Bc3 Rh7+ 38. Kg5 Rg7+ 39. Kf6 Rg6# 0-1

[Event "Toronto NAYCC U12"]
[Site "Toronto"]
[Date "2013.08.14"]
[Round "1"]
[White "Hou, Frank Gui"]
[Black "Seela, Anirudh"]
[Result "0-1"]
[WhiteElo "987"]
[BlackElo "1812"]
[PlyCount "102"]
[EventDate "2013.08.14"]
[EventType "swiss"]
[EventRounds "9"]
[EventCountry "CAN"]
[SourceTitle "EXT 2022"]
[Source "ChessBase"]
[SourceDate "2021.10.06"]
[SourceVersion "1"]
[SourceVersionDate "2021.10.06"]
[SourceQuality "1"]

1. e4 d5 2. exd5 Qxd5 3. Nc3 Qa5 4. d4 c6 5. Nf3 Nf6 6. Bd3 Bg4 7. h3 Bh5 8. Bd2 Qc7 9. Qe2 e6 10. Ne4 Nbd7 11. Be3 Bg6 12. Nfd2 Be7 13. Ng3 Nd5 14. Nf3 Nxe3 15. Qxe3 Nf6 16. c3 Nd5 17. Qd2 Bxd3 18. Qxd3 Nf4 19. Qf1 0-0-0 20. Ne2 Nd3+ 21. Kd2 Nxb2 22. Qb1 Nc4+ 23. Ke1 Rhe8 24. Qd3 Nb6 25. Qxh7 Bf6 26. Qd3 e5 27. Qc2 exd4 28. cxd4 Bxd4 29. Nfxd4 Rxd4 30. Kf1 Rde4 31. Ng3 R4e6 32. Nf5 Qe5 33. Nd6+ Rxd6 34. Rd1 Rde6 35. Qd2 Nc4 36. Qc1 Nb2 37. Kg1 Nxd1 38. Qxd1 Qe1+ 39. Qxe1 Rxe1+ 40. Kh2 Rxh1+ 41. Kxh1 c5 42. g4 c4 43. Kg2 c3 44. h4 c2 45. h5 c1Q 46. a4 Re1 47. Kg3 Qc3+ 48. f3 Rg1+ 49. Kh4 Qe1+ 50. Kg5 Qe5+ 51. Kh4 Rh1# 0-1